| 000 | 00929cab a22002055a 4500 | ||
|---|---|---|---|
| 001 | L150062 | ||
| 008 | 100526e20100508xxk 000 0 eng d | ||
| 035 | _a(Sirsi) u150062 | ||
| 041 | 0 | _aeng | |
| 100 | 1 | _aBallantyne, Jennifer | |
| 245 | 0 | 0 | _aPushing the boundaries |
| 260 | _c2010 | ||
| 490 |
_aEstates Gazette _v(1018) 8 May 2010, 94-95(2) |
||
| 520 | _aParty Wall Act etc 1996 facilitates development and set out a procedure for dealing with neighbourhood disputes. Building owners must comply with the 1996 Act or face delays and additional costs. Sets out details of requisite notices including party structure, line of junction and notices of adjacent excavation. Timescales and issues for dispute resolution. (See also L150065) | ||
| 590 | _aKA | ||
| 650 | 2 | 4 | _aPARTY WALL ETC ACT 1996 |
| 651 | 4 |
_aEngland and Wales _y1543- |
|
| 690 | _aPROPERTY-PROPERTY MANAGEMENT-EASEMENTS-PARTY WALL SURVEYING | ||
| 942 | _n0 | ||
| 999 |
_c82376 _d82376 |
||